LEADER 01470cam0-22005171i-450 001 990003681300403321 005 20250822115931.0 010 $a88-06-14394-8 035 $a000368130 035 $aFED01000368130 035 $a(Aleph)000368130FED01 100 $a20030910d1997----km-y0itay50------ba 101 0 $aita 102 $aIT 105 $ay---a---001yy 200 1 $aSul concetto di storia$fWalter Benjamin$ga cura di Gianfranco Bonola e Michele Ranchetti 210 $aTorino$cEinaudi$d1997 215 $aXIX , 342 p.$d21 cm 225 1 $aBiblioteca Einaudi$v15 610 0 $aStoria$aConcetto 676 $a901$v20$zita 700 1$aBenjamin,$bWalter$f<1892-1940>$011365 702 1$aBonola,$bGianfranco 702 1$aRanchetti,$bMichele 801 0$aIT$bUNINA$gREICAT$2UNIMARC 901 $aBK 912 $a990003681300403321 952 $aSDI-KY 20$b5589$fSDI 952 $aSE 111.04.13-$fDECSE 952 $aVI 558$b4433$fDDCIC 952 $aCOLLEZ. 1740 (15)$b35000$fFSPBC 952 $aSE111.04.13-2$fDECSE 952 $a08.099$b2701$fDARST 952 $aDE FUSCO 790$bRDF 824$fDARST 952 $aDE FUSCO 1018$bRDF 1058$fDARST 952 $aFL STO 25$bFL-238$fDECBC 952 $a192.23 BENW 23$b2023/7896$fFLFBC 959 $aDECSE 959 $aDDCIC 959 $aFSPBC 959 $aSDI 959 $aDARST 959 $aDECBC 959 $aFLFBC 996 $aSul concetto di storia$9498692 997 $aUNINA